| 000 | 00338nam a2200121Ia 4500 | ||
|---|---|---|---|
| 008 | 210430s9999 xx 000 0 und d | ||
| 082 | _a340F8531 L | ||
| 100 | _aM .D .A. Freeman | ||
| 245 |
_aLloyd,s Introduction To Jurisprudence _cM .D .A. Freeman |
||
| 260 |
_aIslamabad _bM .D .A. Freeman _c2001 |
||
| 300 | _a1526p | ||
| 942 |
_cBK _2ddc |
||
| 999 |
_c562154 _d562154 |
||